Report Housing Survey 1986
Na minha lista:
| Formato: | Livro |
|---|---|
| Idioma: | inglês |
| Publicado em: |
Bangkok
National Statistical Office
1987
|
| Assuntos: | |
| Tags: |
Sem tags, seja o primeiro a adicionar uma tag!
|
MARC
| LEADER | 00000nam a2200000 4500 | ||
|---|---|---|---|
| 001 | c038061 | ||
| 005 | 20251217125849.4 | ||
| 041 | 0 | |a eng | |
| 044 | |a TH | ||
| 245 | 1 | 0 | |a Report Housing Survey 1986 |
| 264 | 1 | |a Bangkok |b National Statistical Office |c 1987 | |
| 300 | |a 277 s. | ||
| 610 | 2 | 0 | |a Thajsko |
| 610 | 2 | 0 | |a domácnosti |